01517nam a22001457a 450000500170000000800410001702000180005805000150007624500640009126000470015530000340020250000200023650510810025670000340133720220221141204.0220221b ||||| |||| 00| 0 eng d a9780198707578 aE183.7 .U8 aUS Foreign Policy./bedited by Michael Cox and Doug Stokes. aNew York:bOxford University press,c2018. axxiv, 462 p. :bill. ;c25cm. aIncludes Index. aContents: Section 1: Rethinking America : Theories of US foreign policy -- American exceptionalism -- Section 2 : Historical contexts : The US rise to world power,1776-1945 -- The economic rise of a superpower :from Washington to Trump -- American foreign policy during the cold war -- America in the 1990s : searching for purpose -- The twenty-first century and smart power -- Section 3: Institutions and process: Domestic influences on foreign policy making -- Regional shifts and US foreign policy -- Media and US foreign policy -- Section 4: United States and the world : Us Foreign policy in the Middle East -- The USA and the EU -- US foreign policy in Russia -- US foreign policy in Latin America -- US foreign policy in Africa -- Section 5: Key issues: Global terrorism -- Religion -- Gender -- Global environment -- Section 6 : Futures and Scenarios: The American liberal order : from creation to crisis -- Drifting apart? The emerging end of the transatlantic partnership -- The future of US foreign policy -- US decline or primary? A debate -- References -- Index.  aCox, Michael and Doug Stokes.